The far East in the modern world
Uloženo v:
| Hlavní autor: | |
|---|---|
| Médium: | Kniha |
| Jazyk: | Undetermined |
| Vydáno: |
New York
Henry Holt
1956
|
| Témata: | |
| Tagy: |
Přidat tag
Žádné tagy, Buďte první, kdo otaguje tento záznam!
|
| Thư viện lưu trữ: | Trung tâm Học liệu Trường Đại học Cần Thơ |
|---|
| LEADER | 00504nam a2200181Ia 4500 | ||
|---|---|---|---|
| 001 | CTU_109313 | ||
| 008 | 210402s9999 xx 000 0 und d | ||
| 082 | |a 950 | ||
| 082 | |b M621 | ||
| 100 | |a Michael, Franz H. | ||
| 245 | 4 | |a The far East in the modern world | |
| 245 | 0 | |c Franz H. Michael, George E. Taylor | |
| 260 | |a New York | ||
| 260 | |b Henry Holt | ||
| 260 | |c 1956 | ||
| 650 | |a East asia | ||
| 904 | |i Giang, Q. Hiếu (sửa) | ||
| 980 | |a Trung tâm Học liệu Trường Đại học Cần Thơ | ||